[Event "37th Reykjavik op"]
[Site "Reykjavik ISL"]
[Date "2024.03.18"]
[Round "6.2"]
[White "Xu, Xiangyu"]
[Black "Nevednichy, Vladislav"]
[WhiteElo "2623"]
[BlackElo "2445"]
[Result "1/2-1/2"]
[EventDate "2024.03.15"]
[PlyCount "139"]

1. e4 { [%eval 0.13] [%clk 1:26:13] } 1... e5 { [%eval 0.17] [%clk 1:29:16] } 2. Nf3 { [%eval 0.21] [%clk 1:26:38] } 2... Nc6 { [%eval 0.13] [%clk 1:29:45] } 3. Bb5 { [%eval 0.21] [%clk 1:26:44] } 3... a6 { [%eval 0.2] [%clk 1:28:28] } 4. Ba4 { [%eval 0.31] [%clk 1:27:10] } 4... Nf6 { [%eval 0.14] [%clk 1:28:53] } 5. O-O { [%eval 0.24] [%clk 1:27:35] } 5... Be7 { [%eval 0.19] [%clk 1:29:02] } 6. d3 { [%eval 0.12] [%clk 1:26:30] } 6... b5 { [%eval 0.23] [%clk 1:26:24] } 7. Bb3 { [%eval 0.08] [%clk 1:25:31] } 7... d6 { [%eval 0.18] [%clk 1:25:35] } 8. c3 { [%eval 0.24] [%clk 1:24:59] } 8... O-O { [%eval 0.24] [%clk 1:24:09] } 9. a4 { [%eval 0.2] [%clk 1:24:44] } 9... Rb8 { [%eval 0.46] [%clk 1:12:30] } 10. axb5 { [%eval 0.39] [%clk 1:03:40] } 10... axb5 { [%eval 0.46] [%clk 1:12:52] } 11. h3 { [%eval 0.23] [%clk 1:02:04] } 11... b4 { [%eval 0.4] [%clk 1:06:15] } 12. Re1 { [%eval 0.29] [%clk 0:56:04] } 12... bxc3 { [%eval 0.31] [%clk 1:04:27] } 13. bxc3 { [%eval 0.23] [%clk 0:53:34] } 13... Bb7 { [%eval 0.53] [%clk 0:51:36] } 14. Nbd2 { [%eval 0.5] [%clk 0:51:12] } 14... Ra8 { [%eval 0.51] [%clk 0:52:04] } 15. Rb1 { [%eval 0.5] [%clk 0:43:33] } 15... Na5 { [%eval 0.45] [%clk 0:49:20] } 16. Bc2 { [%eval 0.49] [%clk 0:43:05] } 16... c5 { [%eval 0.55] [%clk 0:48:13] } 17. Nf1 { [%eval 0.44] [%clk 0:38:36] } 17... Qc7 { [%eval 0.46] [%clk 0:38:16] } 18. Ng3 { [%eval 0.36] [%clk 0:36:17] } 18... Rfb8 { [%eval 0.24] [%clk 0:35:52] } 19. Nf5 { [%eval 0.44] [%clk 0:35:41] } 19... Bf8 { [%eval 0.54] [%clk 0:36:08] } 20. Bg5 { [%eval 0.33] [%clk 0:34:12] } 20... Ne8 { [%eval 0.35] [%clk 0:35:43] } 21. Ne3 { [%eval 0.4] [%clk 0:25:18] } 21... Be7 { [%eval 0.81] [%clk 0:28:37] } 22. Bxe7 { [%eval 0.89] [%clk 0:25:13] } 22... Qxe7 { [%eval 1.1] [%clk 0:29:04] } 23. d4 { [%eval 0.93] [%clk 0:24:37] } 23... f6?! { [%eval 1.71] } { Inaccuracy. h6 was best. } { [%clk 0:22:44] } (23... h6 24. dxe5) 24. Bd3 { [%eval 1.37] [%clk 0:19:38] } 24... Kh8 { [%eval 1.88] [%clk 0:17:26] } 25. d5 { [%eval 1.88] [%clk 0:13:44] } 25... g6 { [%eval 1.84] [%clk 0:12:33] } 26. Qe2 { [%eval 1.72] [%clk 0:09:19] } 26... Ng7 { [%eval 1.92] [%clk 0:12:12] } 27. Rb5 { [%eval 1.72] [%clk 0:06:19] } 27... Bc8 { [%eval 1.94] [%clk 0:10:14] } 28. Rxb8 { [%eval 2.06] [%clk 0:04:39] } 28... Rxb8 { [%eval 2.13] [%clk 0:10:42] } 29. Qa2 { [%eval 2.12] [%clk 0:04:40] } 29... Qc7 { [%eval 2.2] [%clk 0:08:39] } 30. Ra1?! { [%eval 1.29] } { Inaccuracy. Nd2 was best. } { [%clk 0:02:45] } (30. Nd2 c4 31. Bxc4 Nxc4 32. Qxc4 Qxc4 33. Nexc4 Ne8 34. Ra1 Kg7 35. f3 f5 36. Kf2 Rb7) 30... Nb3 { [%eval 1.26] [%clk 0:08:54] } 31. Rb1 { [%eval 1.26] [%clk 0:02:46] } 31... c4 { [%eval 1.27] [%clk 0:09:23] } 32. Nxc4 { [%eval 1.41] [%clk 0:02:37] } 32... Nc5 { [%eval 1.33] [%clk 0:09:51] } 33. Rxb8 { [%eval 1.21] [%clk 0:02:27] } 33... Qxb8 { [%eval 1.28] [%clk 0:10:20] } 34. Bc2 { [%eval 1.3] [%clk 0:02:50] } 34... Ba6 { [%eval 1.28] [%clk 0:09:44] } 35. Na5 { [%eval 0.79] [%clk 0:01:34] } 35... Nh5 { [%eval 0.76] [%clk 0:09:15] } 36. Nd2 { [%eval 0.85] [%clk 0:00:45] } 36... Nf4 { [%eval 0.84] [%clk 0:09:10] } 37. Kh2 { [%eval 0.59] [%clk 0:00:44] } 37... Nfd3 { [%eval 1.05] [%clk 0:07:49] } 38. Bxd3 { [%eval 1.41] [%clk 0:00:42] } 38... Bxd3 { [%eval 1.47] [%clk 0:08:05] } 39. f3?! { [%eval 0.54] } { Inaccuracy. Nc6 was best. } { [%clk 0:00:36] } (39. Nc6 Qc7 40. Qa8+ Kg7 41. Nd8 Qe7 42. c4 Bxe4 43. Nxe4 Nxe4 44. Ne6+ Kh6 45. Qa3 Nc5) 39... Qa7 { [%eval 0.94] [%clk 0:06:46] } 40. Qa3 { [%eval 1.1] [%clk 0:00:57] } 40... Nb7 { [%eval 1.47] [%clk 0:04:32] } 41. Nac4?! { [%eval 0.76] } { Inaccuracy. Ndc4 was best. } { [%clk 0:01:09] } (41. Ndc4) 41... Qxa3 { [%eval 0.8] [%clk 0:03:02] } 42. Nxa3 { [%eval 0.77] [%clk 0:01:34] } 42... f5 { [%eval 0.79] [%clk 0:03:22] } 43. Kg3 { [%eval 0.82] [%clk 0:24:53] } 43... Kg7 { [%eval 0.98] [%clk 0:26:38] } 44. c4 { [%eval 0.51] [%clk 0:24:51] } 44... Kf6 { [%eval 0.74] [%clk 0:25:51] } 45. exf5 { [%eval 0.42] } 45... gxf5 { [%eval 0.49] [%clk 0:26:12] } 46. f4 { [%eval 0.54] [%clk 0:19:42] } 46... e4? { [%eval 1.7] } { Mistake. Nc5 was best. } { [%clk 0:19:02] } (46... Nc5 47. Kf3 Na4 48. Ke3 Nb2 49. g3 Ke7 50. fxe5 dxe5 51. g4 f4+ 52. Kf3 Nd1 53. Ne4) 47. Kf2 { [%eval 1.36] [%clk 0:19:34] } 47... h5 { [%eval 1.57] [%clk 0:19:16] } 48. g3 { [%eval 1.41] [%clk 0:19:00] } 48... Na5 { [%eval 1.54] [%clk 0:12:48] } 49. Ke3 { [%eval 1.49] [%clk 0:19:18] } 49... h4?! { [%eval 2.36] } { Inaccuracy. Ke7 was best. } { [%clk 0:10:43] } (49... Ke7) 50. gxh4 { [%eval 3.01] [%clk 0:19:14] } 50... Kg6 { [%eval 2.89] [%clk 0:11:11] } 51. Kd4 { [%eval 2.89] [%clk 0:18:31] } 51... Kh5 { [%eval 2.87] [%clk 0:11:34] } 52. Nb5 { [%eval 2.72] [%clk 0:18:43] } 52... Nb7 { [%eval 3.02] [%clk 0:11:54] } 53. Ke3 { [%eval 2.83] [%clk 0:17:14] } 53... Kxh4 { [%eval 2.77] [%clk 0:07:24] } 54. Nd4 { [%eval 2.82] [%clk 0:17:31] } 54... Kxh3 { [%eval 2.78] [%clk 0:07:44] } 55. Nxf5 { [%eval 3.12] [%clk 0:17:59] } 55... Kg4 { [%eval 2.7] [%clk 0:08:06] } 56. Nh6+ { [%eval 2.96] [%clk 0:18:00] } 56... Kh5 { [%eval 2.96] [%clk 0:08:14] } 57. Nf7 { [%eval 2.34] [%clk 0:18:21] } 57... Kg6?! { [%eval 3.81] } { Inaccuracy. Kg4 was best. } { [%clk 0:08:28] } (57... Kg4 58. Nh6+) 58. Ng5 { [%eval 3.59] [%clk 0:18:42] } 58... Na5 { [%eval 4.4] [%clk 0:08:13] } 59. Ngxe4 { [%eval 4.34] [%clk 0:16:53] } 59... Bxc4 { [%eval 3.95] [%clk 0:08:18] } 60. Nxc4 { [%eval 4.46] [%clk 0:17:16] } 60... Nxc4+ { [%eval 4.46] [%clk 0:08:46] } 61. Kd4 { [%eval 4.21] [%clk 0:17:37] } 61... Nb6 { [%eval 4.12] [%clk 0:08:29] } 62. Nxd6 { [%eval 3.71] [%clk 0:17:55] } 62... Nd7?! { [%eval 4.7] } { Inaccuracy. Kf6 was best. } { [%clk 0:08:58] } (62... Kf6 63. Ke4 Na4 64. Kf3 Nb6 65. Ne4+ Ke7 66. Nc3 Kf6 67. Ke4 Nd7 68. Ne2 Ke7 69. Ng3) 63. Ke4 { [%eval 4.93] [%clk 0:11:13] } 63... Nc5+ { [%eval 4.71] [%clk 0:09:15] } 64. Kf3 { [%eval 4.46] [%clk 0:07:32] } 64... Na4 { [%eval 5.54] [%clk 0:09:43] } 65. Ne4 { [%eval 5.41] [%clk 0:01:00] } 65... Kf5 { [%eval 5.18] [%clk 0:09:16] } 66. d6 { [%eval 6.34] [%clk 0:01:19] } 66... Ke6 { [%eval 6.16] [%clk 0:09:14] } 67. f5+ { [%eval 5.81] [%clk 0:01:29] } 67... Kd7 { [%eval 6.58] [%clk 0:08:25] } 68. Ke3 { [%eval 6.35] [%clk 0:00:37] } 68... Nb6 { [%eval 6.29] [%clk 0:05:39] } 69. Kd4 { [%eval 6.25] [%clk 0:00:59] } 69... Kc6 { [%eval 5.22] [%clk 0:05:12] } 70. f6 { [%clk 0:00:57] } 1/2-1/2

[Event "37th Reykjavik op"]
[Site "Reykjavik ISL"]
[Date "2024.03.18"]
[Round "6.3"]
[White "Katz, Alexander"]
[Black "Pultinevicius, Paulius"]
[WhiteElo "2418"]
[BlackElo "2575"]
[Result "0-1"]
[EventDate "2024.03.15"]
[PlyCount "107"]

1. d4 { [%eval 0.15] [%clk 1:27:27] } 1... d6 { [%eval 0.48] [%clk 1:30:53] } 2. e4 { [%eval 0.4] [%clk 1:27:50] } 2... Nf6 { [%eval 0.63] [%clk 1:31:19] } 3. Nc3 { [%eval 0.48] [%clk 1:28:12] } 3... e5 { [%eval 0.52] [%clk 1:31:42] } 4. Nf3 { [%eval 0.63] [%clk 1:28:32] } 4... Nbd7 { [%eval 0.48] [%clk 1:31:43] } 5. Bc4 { [%eval 0.49] [%clk 1:28:51] } 5... Be7 { [%eval 0.4] [%clk 1:32:08] } 6. O-O { [%eval 0.4] [%clk 1:29:10] } 6... O-O { [%eval 0.48] [%clk 1:32:32] } 7. a4 { [%eval 0.42] [%clk 1:29:14] } 7... c6 { [%eval 0.62] [%clk 1:30:16] } 8. Re1 { [%eval 0.51] [%clk 1:29:37] } 8... b6 { [%eval 0.53] [%clk 1:24:34] } 9. h3 { [%eval 0.55] [%clk 1:26:18] } 9... a6 { [%eval 0.62] [%clk 1:24:57] } 10. Bd3 { [%eval 0.34] [%clk 0:58:21] } 10... Re8 { [%eval 0.3] [%clk 1:21:10] } 11. Ne2 { [%eval 0.35] [%clk 0:57:53] } 11... Bf8 { [%eval 0.43] [%clk 1:20:03] } 12. Ng3 { [%eval 0.37] [%clk 0:58:14] } 12... g6 { [%eval 0.65] [%clk 1:11:29] } 13. c3 { [%eval 0.71] [%clk 0:58:39] } 13... Bg7 { [%eval 0.66] [%clk 1:11:32] } 14. Bc2 { [%eval 0.65] [%clk 0:59:03] } 14... Qc7 { [%eval 0.61] [%clk 1:10:17] } 15. Be3 { [%eval 0.63] [%clk 0:59:26] } 15... Bb7 { [%eval 0.68] [%clk 1:04:11] } 16. Qd2 { [%eval 0.74] [%clk 0:59:47] } 16... c5 { [%eval 0.76] [%clk 0:57:10] } 17. d5 { [%eval 0.68] [%clk 0:59:14] } 17... c4 { [%eval 0.82] [%clk 0:46:25] } 18. Nh2 { [%eval 0.54] [%clk 0:52:42] } 18... Kh8 { [%eval 0.7] [%clk 0:41:20] } 19. Rf1 { [%eval 0.73] [%clk 0:52:26] } 19... Ng8 { [%eval 1.27] [%clk 0:35:16] } 20. Ng4 { [%eval 1.18] [%clk 0:51:48] } 20... Bc8 { [%eval 1.32] [%clk 0:29:01] } 21. Qe2 { [%eval 0.82] [%clk 0:45:42] } 21... Rb8 { [%eval 0.85] [%clk 0:27:11] } 22. Kh1 { [%eval 0.67] [%clk 0:44:20] } 22... Re7 { [%eval 0.77] [%clk 0:16:06] } 23. Rae1 { [%eval 0.73] [%clk 0:30:31] } 23... Re8 { [%eval 0.84] [%clk 0:16:17] } 24. Qd1?! { [%eval 0.21] } { Inaccuracy. f4 was best. } { [%clk 0:29:05] } (24. f4) 24... b5?! { [%eval 0.77] } { Inaccuracy. Nc5 was best. } { [%clk 0:16:04] } (24... Nc5 25. Nh2) 25. axb5 { [%eval 0.31] [%clk 0:27:28] } 25... axb5 { [%eval 0.37] [%clk 0:16:30] } 26. Qe2 { [%eval 0.17] [%clk 0:26:44] } 26... Nc5 { [%eval 0.14] [%clk 0:09:40] } 27. f4 { [%eval -0.2] [%clk 0:17:00] } 27... Bxg4 { [%eval -0.15] [%clk 0:07:38] } 28. Qxg4 { [%eval -0.26] [%clk 0:17:15] } 28... exf4 { [%eval -0.13] [%clk 0:07:46] } 29. Bxf4?! { [%eval -0.71] } { Inaccuracy. Qxf4 was best. } { [%clk 0:17:38] } (29. Qxf4 b4 30. Bd4 b3 31. Bxg7+ Kxg7 32. Bb1 Qe7 33. Ne2 Nd7 34. Nd4 Ne5 35. Rd1 Nf6) 29... b4 { [%eval -0.75] [%clk 0:06:51] } 30. Qf3 { [%eval -0.65] [%clk 0:11:48] } 30... bxc3 { [%eval -0.55] [%clk 0:07:02] } 31. bxc3 { [%eval -0.62] [%clk 0:12:14] } 31... Rb2 { [%eval -0.68] [%clk 0:06:38] } 32. Re2 { [%eval -0.73] [%clk 0:12:36] } 32... Rb7?! { [%eval -0.15] } { Inaccuracy. Ra2 was best. } { [%clk 0:05:48] } (32... Ra2) 33. Ref2 { [%eval -0.17] [%clk 0:11:55] } 33... Rf8 { [%eval 0.25] [%clk 0:05:05] } 34. Ne2 { [%eval 0.28] [%clk 0:12:13] } 34... Nd7 { [%eval 0.39] [%clk 0:05:19] } 35. Nd4 { [%eval 0.3] [%clk 0:12:32] } 35... Ne5 { [%eval 0.36] [%clk 0:05:39] } 36. Bxe5 { [%eval 0.14] [%clk 0:12:46] } 36... dxe5 { [%eval 0.17] [%clk 0:04:13] } 37. Nc6 { [%eval 0.1] [%clk 0:13:06] } 37... Ne7 { [%eval 0.19] [%clk 0:04:14] } 38. Ba4 { [%eval 0.0] [%clk 0:13:27] } 38... Nxc6?! { [%eval 1.07] } { Inaccuracy. Nc8 was best. } { [%clk 0:04:17] } (38... Nc8 39. Bc2 Nd6 40. g4 Ra8 41. g5 Ra2 42. h4 Rbb2 43. Nb4 Ra3 44. Nc6) 39. Bxc6?! { [%eval 0.2] } { Inaccuracy. dxc6 was best. } { [%clk 0:13:49] } (39. dxc6 Ra7) 39... Rb3 { [%eval 0.3] [%clk 0:04:32] } 40. Qe3 { [%eval 0.27] [%clk 0:14:12] } 40... Qe7 { [%eval 0.31] [%clk 0:01:34] } 41. Qd2 { [%eval 0.09] [%clk 0:13:04] } 41... Qc5 { [%eval 0.05] [%clk 0:29:20] } 42. Rxf7 { [%eval 0.08] [%clk 0:40:21] } 42... Rxf7 { [%eval 0.06] [%clk 0:29:43] } 43. Rxf7 { [%eval 0.09] [%clk 0:40:46] } 43... Rb1+ { [%eval 0.02] [%clk 0:29:51] } 44. Kh2 { [%eval 0.06] [%clk 0:41:11] } 44... Qg1+ { [%eval 0.12] [%clk 0:30:00] } 45. Kg3 { [%eval 0.12] [%clk 0:41:35] } 45... Rd1 { [%eval 0.14] [%clk 0:29:43] } 46. Qf2 { [%eval 0.11] [%clk 0:41:16] } 46... Rd3+ { [%eval 0.12] [%clk 0:29:36] } 47. Kh4 { [%eval 0.0] [%clk 0:41:30] } 47... Qxf2+ { [%eval 0.0] [%clk 0:28:50] } 48. Rxf2 { [%eval 0.0] [%clk 0:41:54] } 48... Bh6 { [%eval 0.03] [%clk 0:25:25] } 49. Bb5 { [%eval 0.0] [%clk 0:16:44] } 49... Bf4 { [%eval 0.0] [%clk 0:25:06] } 50. Rf3 { [%eval 0.0] [%clk 0:12:24] } 50... Rxf3 { [%eval 0.0] [%clk 0:25:23] } 51. gxf3 { [%eval 0.0] [%clk 0:12:51] } 51... Kg7 { [%eval 0.0] [%clk 0:25:05] } 52. d6 { [%eval 0.0] [%clk 0:13:17] } 52... h5 { [%eval 0.0] [%clk 0:22:57] } 53. d7 { [%eval 0.0] [%clk 0:13:43] } 53... Kh6 { [%eval 0.0] [%clk 0:23:22] } 54. d8=Q { [%eval 0.0] } 0-1

[Event "37th Reykjavik op"]
[Site "Reykjavik ISL"]
[Date "2024.03.18"]
[Round "6.4"]
[White "Sanal, Vahap"]
[Black "Jin, Yueheng"]
[WhiteElo "2558"]
[BlackElo "2404"]
[Result "1-0"]
[EventDate "2024.03.15"]
[PlyCount "74"]

1. e4 { [%eval 0.13] [%clk 1:30:59] } 1... c6 { [%eval 0.24] [%clk 1:30:55] } 2. d4 { [%eval 0.28] [%clk 1:31:19] } 2... d5 { [%eval 0.31] [%clk 1:31:21] } 3. e5 { [%eval 0.19] [%clk 1:31:38] } 3... Bf5 { [%eval 0.38] [%clk 1:31:46] } 4. Nf3 { [%eval 0.3] [%clk 1:31:27] } 4... e6 { [%eval 0.25] [%clk 1:32:10] } 5. Be2 { [%eval 0.29] [%clk 1:31:48] } 5... Nd7 { [%eval 0.42] [%clk 1:32:35] } 6. O-O { [%eval 0.29] [%clk 1:31:51] } 6... a5 { [%eval 0.67] [%clk 1:33:01] } 7. Nbd2 { [%eval 0.29] [%clk 1:28:01] } 7... a4 { [%eval 0.53] [%clk 1:33:23] } 8. c3 { [%eval 0.49] [%clk 1:25:54] } 8... f6 { [%eval 0.7] [%clk 1:25:27] } 9. Re1 { [%eval 0.59] [%clk 1:23:19] } 9... fxe5 { [%eval 0.57] [%clk 1:23:41] } 10. dxe5 { [%eval 0.53] [%clk 1:21:32] } 10... Bc5 { [%eval 0.64] [%clk 1:20:30] } 11. Nd4 { [%eval 0.61] [%clk 1:14:21] } 11... Ne7 { [%eval 0.69] [%clk 1:20:41] } 12. g4 { [%eval 0.25] [%clk 1:13:00] } 12... Bxd4 { [%eval 0.22] [%clk 1:20:34] } 13. cxd4 { [%eval 0.15] [%clk 1:01:26] } 13... Bg6 { [%eval 0.28] [%clk 1:20:27] } 14. h4 { [%eval 0.01] [%clk 0:59:03] } 14... h5 { [%eval 0.41] [%clk 0:58:17] } 15. gxh5?! { [%eval -0.17] } { Inaccuracy. Nf1 was best. } { [%clk 0:57:21] } (15. Nf1 hxg4 16. Bxg4 Nf8 17. h5 Bf5 18. Ng3 Bxg4 19. Qxg4 Nf5 20. Bg5 Qc7 21. Kg2 Qf7) 15... Nf5 { [%eval -0.13] [%clk 0:56:27] } 16. hxg6?? { [%eval -2.67] } { Blunder. Ne4 was best. } { [%clk 0:52:30] } (16. Ne4 dxe4) 16... Qxh4 { [%eval -1.8] [%clk 0:56:50] } 17. Bf3 { [%eval -1.76] [%clk 0:52:30] } 17... Rh6 { [%eval -2.92] [%clk 0:38:09] } 18. Nf1?! { [%eval -3.89] } { Inaccuracy. Kf1 was best. } { [%clk 0:37:55] } (18. Kf1 Rxg6 19. Bg2 Qh2 20. Qf3 Nh4 21. Qh3 Qxg2+ 22. Qxg2 Rxg2 23. b3 Rg4 24. Bb2 Nf8) 18... Rxg6+ { [%eval -3.85] [%clk 0:38:33] } 19. Ng3 { [%eval -4.37] [%clk 0:37:31] } 19... O-O-O { [%eval -4.25] [%clk 0:32:56] } 20. Kf1 { [%eval -4.53] [%clk 0:35:12] } 20... Nxg3+ { [%eval -4.57] [%clk 0:25:30] } 21. fxg3 { [%eval -4.26] [%clk 0:35:36] } 21... Rxg3 { [%eval -4.76] [%clk 0:24:14] } 22. Ke2 { [%eval -4.7] [%clk 0:33:29] } 22... Qh2+ { [%eval -4.58] [%clk 0:12:36] } 23. Kd3 { [%eval -4.36] [%clk 0:28:13] } 23... Rf8 { [%eval -4.43] [%clk 0:11:40] } 24. Re3 { [%eval -4.64] [%clk 0:26:49] } 24... c5 { [%eval -4.88] [%clk 0:10:51] } 25. Be2 { [%eval -5.27] [%clk 0:11:38] } 25... Rf4 { [%eval -5.23] [%clk 0:09:46] } 26. Kc2 { [%eval -5.07] [%clk 0:05:55] } 26... Rxd4 { [%eval -5.53] [%clk 0:09:31] } 27. Qe1 { [%eval -6.33] [%clk 0:06:13] } 27... Rxe3?! { [%eval -4.82] } { Inaccuracy. Rg1 was best. } { [%clk 0:06:40] } (27... Rg1 28. Qc3 Rc4 29. Qxc4 dxc4 30. Bd2 Rxa1 31. Bxc4 Nxe5 32. Bxe6+ Kb8 33. Bd5 Qh5 34. Kc3) 28. Bxe3 { [%eval -3.74] [%clk 0:06:41] } 28... Re4 { [%eval -3.6] [%clk 0:06:58] } 29. Qd2?! { [%eval -5.31] } { Inaccuracy. Bf2 was best. } { [%clk 0:03:38] } (29. Bf2 Qxe5 30. Kd1 Qxb2 31. Rc1 Qxa2 32. Rc2 Qb1+ 33. Kd2 Qb4+ 34. Kd1 b6 35. Qc3 Ne5) 29... Qxe5 { [%eval -5.38] [%clk 0:07:17] } 30. Rh1 { [%eval -5.69] [%clk 0:03:56] } 30... Rxe3 { [%eval -5.86] [%clk 0:07:28] } 31. Rh8+ { [%eval -5.65] [%clk 0:03:10] } 31... Kc7 { [%eval -5.86] [%clk 0:07:53] } 32. Qa5+ { [%eval -7.68] [%clk 0:03:15] } 32... b6 { [%eval -9.21] [%clk 0:06:16] } 33. Qa7+ { [%eval #-11] [%clk 0:03:23] } 33... Kd6 { [%eval -48.24] [%clk 0:06:41] } 34. Bb5?! { [%eval #-6] } { Checkmate is now unavoidable. Qa6 was best. } { [%clk 0:03:37] } (34. Qa6 Rxe2+ 35. Qxe2 Qxe2+ 36. Kc1 Ne5 37. Rh3 Qf1+ 38. Kc2 Qxh3 39. Kd2 Qd3+ 40. Ke1 Qb1+) 34... Qf5+ { [%eval #-5] [%clk 0:07:06] } 35. Kc1 { [%clk 0:02:54] } 35... Re1+ { [%clk 0:07:30] } 36. Kd2 { [%clk 0:03:22] } 36... Qf2+ { [%clk 0:07:55] } 37. Kd3 { [%clk 0:03:45] } 37... Re3# 1-0

[Event "37th Reykjavik op"]
[Site "Reykjavik ISL"]
[Date "2024.03.18"]
[Round "6.5"]
[White "Cramling Bellon, Anna"]
[Black "Spencer, Aaron"]
[WhiteElo "2115"]
[BlackElo "1899"]
[Result "0-1"]
[EventDate "2024.03.15"]
[PlyCount "74"]

1. d4 { [%eval 0.15] [%clk 1:30:53] } 1... d5 { [%eval 0.25] [%clk 1:30:51] } 2. c4 { [%eval 0.26] [%clk 1:31:11] } 2... c6 { [%eval 0.28] [%clk 1:31:15] } 3. Nc3 { [%eval 0.16] [%clk 1:31:26] } 3... Nf6 { [%eval 0.27] [%clk 1:31:38] } 4. Nf3 { [%eval 0.31] [%clk 1:31:42] } 4... e6 { [%eval 0.33] [%clk 1:32:00] } 5. e3 { [%eval 0.13] [%clk 1:31:03] } 5... Nbd7 { [%eval 0.11] [%clk 1:32:20] } 6. Bd3 { [%eval 0.19] [%clk 1:31:14] } 6... dxc4 { [%eval 0.0] [%clk 1:32:40] } 7. Bxc4 { [%eval 0.2] [%clk 1:31:41] } 7... b5 { [%eval 0.14] [%clk 1:33:01] } 8. Bd3 { [%eval 0.15] [%clk 1:32:06] } 8... Bd6 { [%eval 0.16] [%clk 1:32:26] } 9. O-O { [%eval 0.18] [%clk 1:31:09] } 9... O-O { [%eval 0.34] [%clk 1:32:10] } 10. e4 { [%eval 0.13] [%clk 1:16:12] } 10... e5 { [%eval 0.14] [%clk 1:32:32] } 11. h3 { [%eval 0.04] [%clk 1:14:53] } 11... Re8 { [%eval 0.26] [%clk 1:30:14] } 12. Be3 { [%eval 0.1] [%clk 1:08:58] } 12... b4 { [%eval 0.51] [%clk 1:24:31] } 13. Ne2 { [%eval 0.37] [%clk 1:08:46] } 13... c5 { [%eval 0.48] [%clk 1:22:07] } 14. dxe5 { [%eval 0.53] [%clk 1:05:48] } 14... Bxe5 { [%eval 0.64] [%clk 1:21:13] } 15. Nxe5 { [%eval 0.41] [%clk 0:49:50] } 15... Nxe5 { [%eval 0.33] [%clk 1:18:30] } 16. Bb5 { [%eval 0.16] [%clk 0:49:35] } 16... Bd7 { [%eval 0.3] [%clk 1:17:56] } 17. Bxd7 { [%eval 0.25] [%clk 0:41:55] } 17... Qxd7 { [%eval 0.2] [%clk 1:14:28] } 18. Bxc5 { [%eval 0.2] [%clk 0:37:39] } 18... Qb5 { [%eval 0.21] [%clk 1:14:45] } 19. Bd4 { [%eval -0.02] [%clk 0:33:26] } 19... Rad8 { [%eval 0.0] [%clk 1:10:06] } 20. Qd2?? { [%eval -1.85] } { Blunder. Qc2 was best. } { [%clk 0:14:21] } (20. Qc2 Rc8 21. Qd1 Rcd8) 20... Nxe4 { [%eval -1.81] [%clk 1:08:02] } 21. Qc2 { [%eval -1.75] [%clk 0:14:24] } 21... Nf3+ { [%eval -1.69] [%clk 0:42:09] } 22. gxf3 { [%eval -1.68] [%clk 0:13:58] } 22... Ng5 { [%eval -1.78] [%clk 0:42:25] } 23. Be3?! { [%eval -2.67] } { Inaccuracy. Kg2 was best. } { [%clk 0:09:31] } (23. Kg2 Rc8 24. Qb3 Rxe2 25. Rac1 Qf5 26. f4 Rd8 27. fxg5 Rxd4 28. Qf3 Qxg5+ 29. Kh1 Re8) 23... Nxf3+ { [%eval -2.47] [%clk 0:42:51] } 24. Kg2?! { [%eval -3.29] } { Inaccuracy. Kh1 was best. } { [%clk 0:03:15] } (24. Kh1 Rc8 25. Qd1 Red8 26. Nd4 Nxd4 27. Bxd4 Rc4 28. Qf3 Rcxd4 29. Rfe1 Rd3 30. Re3 Rxe3) 24... Qd5?! { [%eval -2.19] } { Inaccuracy. Qb7 was best. } { [%clk 0:42:43] } (24... Qb7 25. Kg3 h5 26. h4 Rd6 27. Nf4 Qd7 28. Nxh5 Rg6+ 29. Qxg6 fxg6 30. Nf4 Ne5 31. f3) 25. Kg3? { [%eval -3.76] } { Mistake. Nf4 was best. } { [%clk 0:03:34] } (25. Nf4 Ne1+ 26. Kh2 Nxc2 27. Nxd5 Rxd5 28. Rad1 Nxe3 29. fxe3 Rxd1 30. Rxd1 Kf8 31. Rd3 Re5) 25... Ng5?? { [%eval 2.13] } { Blunder. h5 was best. } { [%clk 0:40:27] } (25... h5 26. Nf4 h4+ 27. Kg2 Ne1+ 28. Kh2 Nxc2 29. Nxd5 Rxd5 30. Rad1 Nxe3 31. fxe3 Rxd1 32. Rxd1) 26. Bxg5?? { [%eval -3.59] } { Blunder. Nf4 was best. } { [%clk 0:03:08] } (26. Nf4 Qf3+ 27. Kh2 Re5 28. Rad1 Rde8 29. Qd3 h6 30. Bc1 Qc6 31. f3 a5 32. Kg2 Ne6) 26... Qxg5+ { [%eval -3.5] [%clk 0:40:55] } 27. Kh2 { [%eval -3.43] [%clk 0:03:20] } 27... Rd2 { [%eval -3.31] [%clk 0:41:18] } 28. Qb3 { [%eval -4.04] [%clk 0:00:39] } 28... Rexe2 { [%eval -4.24] [%clk 0:41:05] } 29. Qf3 { [%eval -4.09] [%clk 0:00:54] } 29... Qe5+ { [%eval -3.91] [%clk 0:40:46] } 30. Kg1 { [%eval -3.87] [%clk 0:01:10] } 30... h6 { [%eval -3.91] [%clk 0:39:36] } 31. Rac1 { [%eval -3.8] [%clk 0:01:20] } 31... Kh7 { [%eval -3.69] [%clk 0:38:09] } 32. Rc4 { [%eval -3.8] [%clk 0:00:36] } 32... Rxb2 { [%eval -3.62] [%clk 0:37:00] } 33. Qxf7?? { [%eval #-19] } { Checkmate is now unavoidable. Kh1 was best. } { [%clk 0:00:49] } (33. Kh1 f5 34. Rf4 Qc3 35. a3 Qxa3 36. Qh5 Qd3 37. Rg1 Qd5+ 38. Rg2 Re1+ 39. Kh2 Qe5) 33... Qg3+ { [%eval #-19] [%clk 0:37:20] } 34. Kh1 { [%eval #-19] [%clk 0:00:45] } 34... Qxh3+ { [%eval #-25] [%clk 0:37:45] } 35. Kg1 { [%eval #-26] [%clk 0:01:12] } 35... Qg3+ { [%eval #-16] [%clk 0:38:07] } 36. Kh1 { [%eval #-17] [%clk 0:01:37] } 36... Rxf2 { [%eval #-16] [%clk 0:38:25] } 37. Rxf2 { [%eval #-23] [%clk 0:00:36] } 37... Rxf2 { [%eval -10.99] [%clk 0:38:49] } 0-1